000 00819cam a22002651 4500
001 9332349
003 ARRUPE
005 20170216093736.0
008 720301s1954 enk 000 0 eng
010 _a 55037500
015 _aGB54-4365
035 _a(OCoLC)253421
040 _aDLC
_cOAU
_dNcRS
_dUk
_dDLC
042 _apremarc
050 0 0 _aGN495.5
_b.G5
100 1 _aGluckman, Max,
_d1911-1975.
_928855
245 1 0 _aRituals of rebellion in South-east Africa.
_bThe Frazer lecture, 1952
_cMax Gluckman
260 _a[Manchester]
_bManchester University Press
_c[1954]
300 _a36 p. ;
_c22 cm.
490 0 _aThe Frazer lecture,
_v1952
650 0 _aBlacks
_zSouth Africa.
_914894
650 0 _aKings and rulers.
_928856
906 _a7
_bcbc
_coclcrpl
_du
_encip
_f19
_gy-gencatlg
942 _2lcc
_cMONOGRAPH
999 _c126130
_d126130